000 00992nmc a2200385 a 4500
003 AR-BaBNM
005 20251128205613.0
008 288019s1992 ||||||||||||||000 | spa||
020 _a968-23-0606-X
040 _cAR-BaBNM
245 1 0 _aRusia
250 _a10ª ed.
260 _aMéxico, D.F.
_bSiglo Veintiuno
_c1992
300 0 _a368 p.
_bmapas
490 0 _aHistoria Universal siglo XXI
_vv. 31
500 0 _aIndice alfabético p. 363-368
504 _aBibliografía p. 360-362
650 4 _aECONOMIA MARXISTA
650 4 _aGUERRA
650 4 _aHISTORIA EUROPEA
650 4 _aHISTORIA ASIATICA
650 4 _aREFORMA AGRARIA
650 4 _aCOMUNISMO
650 4 _aMARXISMO
651 4 _aRusia
651 4 _aUnión Soviética
653 0 _aREVOLUCION RUSA
700 1 _aHellman, Manfred
700 1 _aGoehrke, Carsten
700 1 _aScheibert, Peter
700 1 _aLorenz, Richard
700 1 _aNolla, María
_etraductor
942 _cBK
998 _cMariana
999 _c12093
_d12093